000 00682nam a2200217 4500
001 144764
003 ES-MaACL
005 20230906201107.0
007 t|
008 070214s1971 sp r ||||1| spa d
100 1 _aSillitoe, Alan.
_9106352
245 1 3 _aLa soledad del corredor de fondo /
_cAlan Sillitoe ; traducción de Baldomero Porta.
250 _a2ª. ed.
260 _aBarcelona :
_bSeix Barrall,
_c1971.
300 _a219 p. :
_bil. ;
_c19 cm.
490 1 _aBiblioteca breve de bolsillo ;
_v37
700 1 _aPorta, Baldomero.
_993173
830 0 _aBiblioteca breve de bolsillo ;
_v37
_9184566
852 _aES-MaACL
_jC-45319
_bR.77652
999 _c144764
_d144764